02649nab a22004577 4500003000900000022001400009040001800023041000800041044000700049245004300056260002500099300004300124505001100167505004200178505012700220505002200347505011400369505014700483505006900630505009300699505009200792505005000884505009600934505005001030505008201080505006401162505003201226505013501258505008001393505006901473505005001542505005701592505009501649505006201744505006601806505009301872505006001965505005902025650003302084773007402117AR-RoUNA a0327-9022 aAR-RoUNAbspa aspa aag aSumma+ / bVivienda colectiva y social aBuenos Aires ,c1993 a128 p. :bil. byn.bplanosc34 X25 cm.0 tINDICE0 tTORRES - Buenos AiresGRANDES TORRES I0 aEsses, Naistat, Capiello, Frontini, Sbaraglia, Arótegui, Camblong, Falconi / Torres Mirabilia Palermo, Bs As, 2010. p. 40 tGRANDES TORRES II0 aEstudio Aisenson (Aisenson-Pujals-Hojman-Pschepiurca-Fiszalew) / Le Parc Figueroa Alcorta, Bs As, 2009. p. 120 aPablo Güiraldes / Las matemáticas de la torre ideal: sobre las columnas dobles en las tores residenciales de Mario Roberto Álvaez. p. 210 aNicolás Campodónico / Edificio Maipú, Rosario, 2011. p. 320 aAT 103 S.C - Francisco Pardo - Julio Amezcua / Lisboa 7 , Colonia Juárez, 2010. p. 400 aMaría Victoria Besonías, Luciano Kruk / Edificio Estados Unidos, Bs As, 2009. p. 460 aJ5ª / Veracruz 60, Cuanhtémoc, 2009. p. 520 aMVS-Oficina de arquitectura-Moskdvits, Vela, Silva / Edificio Aranguren, Bs As, 2009. p. 580 aFernando Diez / Grande Versus equeño. p. 660 aFrancisco Cadau y Andrea Lanziani / Cinco Casas en Bloque, Bs As, 2009. p. 680 aJ5ª / Sierra Mojada 355, Lomas de Chapultepec, 2008. p. 740 tHISTORIA - Alejo Martínez0 aCarlos Gustavo Giménez y Ángel Miguel Navarro / La experiencia moderna en la Argentina: la obra de Alejo Martínez (H). p. 800 aJosep María Montaner - Zaida Muxí Martínez / Palacio Colectivo. p. 840 aEva Prats y Ricardo Flores / Edificio 111, Terrassa, 2010. p. 840 aIlka y Andreas Ruby / Más por memos. p. 1020 aIgnacio Ros de Olano / Buenos Aires en papel. p. 1190 aRafael E. J. Iglesia / Plaza San Martín, ¿Estás ahí?: en el banco y mirando. p. 1200 aTomás Powell / Peras, manzanas y superestrellas. p. 1240 aRoberto Fernández / Ellwood: lo exacto y lo sublime. p. 1230 aMario Sabugo y Maximiliano Salomón / El realismo inestable de Alfonso Piantini. p. 1270 aFernando Diez / El color de la Patagonia Andina. p. 1320 aWilliam Rey Ashfield / Un encuentro productivo. p. 128 aArquitectura contemporánea0 aSumma+dBuenos Aires, ArgentinagNº113 (dic-2010), p. 128x0327-9022